HISTORIA DE LA COMPAÑIA DE JESUS EN SU ASISTENCIA MODERNA DE ESPAÑA /

INDICE

-д хадгалсан:
Номзүйн дэлгэрэнгүй
Үндсэн зохиолч: Frías, Lesmes (autor)
Формат: Ном
Нөхцлүүд:
Шошгууд: Шошго нэмэх
Шошго байхгүй, Энэхүү баримтыг шошголох эхний хүн болох!

MARC

LEADER 00000nam^a2200000^a^4500
001 000248999
005 20250526000000.0
009 20260310105710.993
035 |a S37988 
037 |a Acervo Xavier Clavigero 
082 |a 255. 530946  |b FRI 
100 |a Frías, Lesmes  |e (autor) 
245 1 0 |a HISTORIA DE LA COMPAÑIA DE JESUS EN SU ASISTENCIA MODERNA DE ESPAÑA /  |c LESMES FRIAS, S.J 
264 |a MADRID :  |b Razón y Fe,  |c 1923 
300 |a V.- 
336 |a texto  |b txt  |2 rdacontenido 
337 |a sin mediación  |b n  |2 rdamedio 
338 |a volumen  |b nc  |2 rdasoporte 
520 |a INDICE 
520 |a CONTENIDO: V.1. 1815-1835. 
649 |a XX 
650 |a JESUITAS -  |x HISTORIA -  |x ESPAÑA. 
910 |a Fondo General 
920 |a Impresos - Libros 
930 |a Libros Antiguos y Raros 
940 |a Jesuitas - Selección de la Compañía de Jesús 
905 |a 108 
901 |a 037988  |b IT2  |c LRA  |i S37988  |u 20250526 
902 |a https://opac.biblio.iteso.mx/vufind/Record/000248999